000 00464nam a2200157Ia 4500
008 240729s9999 xx 000 0 und d
022 _a2164-2591
245 0 _aTranslational Vision Science & Technology
260 _aUnited States
260 _bThe Association for Research in Vision and Ophthalmology
650 _a Ophthalmology
650 _aMedicine
856 _uhttps://doaj.org/toc/85fbfcad179b49e0af597cbd708bbd19
942 _2ddc
942 _cDOAJEJ
999 _c70609
_d70609
945 _a1
_bMadushi Gamage
_c1
_dMadushi Gamage